000 00647cam a22002531 4500
001 sa 66004823
003 DLC
005 20260227112245.0
008 890724s1966 ii b 000 0 hino
010 _asa 66004823
035 _a(OCoLC)20060005
040 _aDLC
_cWaU
_dDLC
042 _apremarc
050 0 0 _aPK1931
_b.T68
100 1 _aTripathi, Ram Prasad,
_d1920-
245 1 0 _aBr̥hat sāhityika nibandha.
260 _c[1966]
300 _aviii, 1086 p.
_c23 cm.
500 _aIn Hindi.
504 _aBibliographical footnotes.
650 0 _aHindi philology.
650 0 _aPoetics.
700 1 _aGupta, Śāntisvarūpa,
_d1911-
999 _c69631
_d69631